[Event "Montreal 4th"]
[Site "Montreal"]
[Date "2003.07.24"]
[Round "2"]
[White "Rozentalis, Eduardas"]
[Black "Vera Gonzalez Quevedo, Reynaldo"]
[Result "1-0"]
[WhiteElo "2586"]
[BlackElo "2509"]
[Annotator "Rogozenco,D"]
[PlyCount "91"]
[EventDate "2003.07.23"]
[EventType "tourn"]
[EventRounds "11"]
[EventCountry "CAN"]
[EventCategory "11"]
[SourceTitle "CBM 097"]
[Source "ChessBase"]
[SourceDate "2003.11.11"]
[SourceVersion "1"]
[SourceVersionDate "2003.11.11"]
[SourceQuality "1"]

1. e4 c5 2. c3 Nf6 3. e5 Nd5 4. Nf3 d6 5. Bc4 e6 6. d4 cxd4 7. cxd4 Be7 {
One of the major problems for Black here is what to do with his knight from d5.
He can play quickly Nb6, or try to keep the knight centralized. It is possible
for instance to support the knight there by playing ...Bd7-c6. In the game
Black didn't want to retreat the knight and when it was attacked by the knight
from c3, Black simply took on c3 and played ...Nc6 after that. This approach
is far from optimal. If he is keeping the knight on d5 and plays ...Nc6 later
anyway, then it makes sense to reduce White's possibilities by playing quicker
...Nc6 (here or next), after which White's move Nc3 would be less attractive.}
(7... Nc6 8. O-O (8. Nc3 $6 Nxc3 9. bxc3 dxe5 {and after trading queens Black
has a pleasant endgame thanks to a better pawn structure.}) 8... Be7 9. Nc3 {
Far from best here, which doesn't pretend to fight for opening advantage.} Nxc3
10. bxc3 dxe5 11. dxe5 (11. Nxe5 Nxe5 12. dxe5 Qxd1 13. Rxd1 Bd7 $15) 11...
Qxd1 12. Rxd1 Bd7 $11) 8. O-O (8. Nc3 Nxc3 9. bxc3 Qc7 10. Qd3 $13) 8... O-O (
8... Nc6 $142) 9. Nc3 $5 (9. Qe2 Nc6 10. Nc3 Nxc3 11. bxc3 dxe5 12. dxe5 Qa5 {
is fine for Black}) 9... Nxc3 10. bxc3 Nc6 (10... dxe5 11. Nxe5 $14) 11. exd6
$1 (11. Qe2 dxe5 $11) 11... Qxd6 12. Re1 {White achieved a pleasant edge. In
such pawn structure Black would be fine if he's in time to play b6 and Bb7.} (
12. Qe2 b6 13. Qe4 Bb7 14. Bd3 g6 $11) 12... b6 13. Ng5 {Starting active
actions and taking the initiative when the opponent has still undeveloped the
queenside. Black must play precisely in order to avoid quick troubles.} Bxg5 {
Gaining time for development and eliminating a dangerous attacking piece, but
now White is slightly better by definition - he has the bishop's pair (and
possibly the initiative). However, White's advantage is based on dynamic
factors and with accurate play Black can hope to neutralize it.} (13... Na5 14.
Bd3 Bxg5 (14... h6 15. Qh5 f5 16. Nf3 Bf6 17. Ne5 Bb7 18. Qg6 $36 {1-0
Ekstroem,R-Kutuzovic,B/Pula 2000 (20)}) 15. Bxg5 Bb7 16. Bf6 $5 (16. Qh5 $14)
16... Qd5 (16... gxf6 17. Qg4+ Kh8 18. Qh4 f5 19. Qf6+ Kg8 20. Re3 $18) 17. Be4
Qxe4 18. Rxe4 Bxe4 19. Qg4 Bg6 20. Be7 Rfc8 21. Bb4 $16 {1-0 Rausis,I-Yrjola,J/
Jyvaskyla 1996 (38)}) (13... h6 $5 14. Ne4 Qc7 $14 {/~~}) (13... Bb7 $2 14.
Nxe6 $18 {1-0 Molander,R-Stubberud,O/Port Erin IOM 2003 (32)}) 14. Bxg5 Bb7 (
14... Ne7 $5) (14... h6 $5) 15. Qg4 $1 {[%cal Ge1e3,Ge3g3]} Ne7 $2 (15... e5
16. Qg3 Rfe8 17. Re3 Rac8 18. Bb5 f6 19. Bh6 Re7 20. Rae1 Rcc7 21. f4 exd4 22.
Bc4+ Kf8 23. Qxg7+ Ke8 24. Qg8+ {1-0 Bjelajac,M-Janosevic,D Kraljevo 1984 (24)}
) (15... Kh8 16. Qh4 (16. Re3 e5 17. Bd3 exd4 18. Rh3 f5 19. Rxh7+ Kxh7 20.
Qh5+ {1-0 Verwoert,J-Nusink,A/NED-ch H corr 1995}) 16... Rfe8 17. Re3 Qf8 18.
Rh3 h6 19. Bd3 f5 20. Re1 e5 21. Ree3 exd4 22. Bxh6 gxh6 23. Qg5 {1-0
Filipovic,B-Kveinys,A/Pula CRO 2003}) (15... Rfe8 $5 16. Bf6 (16. Bh6 Qf8 17.
Re3 Ne7) 16... Qf8 $14) 16. Bxe6 h5 {It is amazing that only this is a new
move.} (16... fxe6 17. Rxe6 Qd7 18. Bxe7 Rae8 19. Qe2 Rf6 20. Re3 Rg6 21. f3
$18 {1-0 Kaeser,U-Sandkamp,R/Germany 1991 (42)}) 17. Qh3 fxe6 18. Rxe6 Qd7 19.
Rxe7 {Allows Black to break the pawn formation, but keeps the a-pawn.} (19.
Bxe7 Rf7 20. Rae1 Bd5 21. R6e3 Qxh3 22. Rxh3 Re8 23. Rhe3 Bxa2 $16) 19... Qxh3
20. gxh3 Rf7 21. Rae1 Bd5 22. a3 {Still a long way to win this, but Rozentalis
achieved it rather easy. In the game Black decided to defend passively.} Rc8 $6
(22... Rxe7 $142 23. Rxe7 Rc8 24. Rd7 (24. Bd2 Rc6 {[%cal Gc6g6,Gc6e6]}) (24.
Re3 Kf7 {[%cal Gc8e8]}) 24... Be6 25. Rxa7 Rxc3 {[%csl Rg1]}) 23. Re8+ Rxe8 (
23... Rf8 $142) 24. Rxe8+ Kh7 25. Re5 Rd7 26. f4 Kg8 27. f5 {White
consolidated, preventing Black's counterplay. Now he has active pieces and
control over e-file. Very difficult for Black to save the game now, if
possible at all.} Bf7 28. Kf2 g6 (28... Rc7 $142) 29. fxg6 Bxg6 30. Ke3 Rc7 31.
Kd2 Bf7 32. Be7 Rd7 33. Rg5+ Kh7 34. Bf6 {[%csl Rh7]} Bg6 35. Be5 $16 {/+-} Rf7
$6 (35... Kh6 36. h4 $18) 36. d5 Rf2+ $6 (36... Rf5 37. h4) 37. Ke3 Rf5 38. h4
Rxg5 39. hxg5 b5 (39... Be8 40. c4 Kg6 41. Bb8 a6 42. Ba7 b5 43. c5 $18) 40.
Kd4 Be8 41. Kc5 Kg6 42. h4 Kf5 43. Bd4 Ke4 44. d6 Kf5 45. Kd5 a5 46. g6 1-0

[Event "Olympiad-36"]
[Site "Mallorca"]
[Date "2004.10.27"]
[Round "12"]
[White "Kristjansson, Stefan"]
[Black "Lupulescu, Constantin"]
[Result "0-1"]
[WhiteElo "2444"]
[BlackElo "2560"]
[Annotator "Rogozenco,D"]
[PlyCount "66"]
[EventDate "2004.10.15"]
[EventType "team-swiss"]
[EventRounds "14"]
[EventCountry "ESP"]
[SourceTitle "CBM 104"]
[Source "ChessBase"]
[SourceDate "2005.01.27"]
[SourceVersion "1"]
[SourceVersionDate "2005.01.27"]
[SourceQuality "1"]
[WhiteTeam "Iceland"]
[BlackTeam "Romania"]
[WhiteTeamCountry "ISL"]
[BlackTeamCountry "ROU"]

1. e4 c5 2. c3 Nf6 3. e5 Nd5 4. Nf3 e6 5. Bc4 d6 6. O-O Nc6 7. d4 cxd4 8. cxd4
Be7 9. Qe2 O-O 10. Nc3 {A very committing approach: White agrees to worsen his
pawn structure in order to develop quickly the pieces.} Nxc3 11. bxc3 dxe5 12.
dxe5 Qa5 (12... b6 13. Qe4 Bb7 14. Bd3 g6 15. Bh6 Re8 16. Rad1 Qc7 $13) 13. Qe4
{Many other moves have been tried in the practice here, generally with good
results for Black. 13.Qe4 is a logical continuation and from strong players
was used by D.Pavasovic in 1996, then by M.Adams in 2001, in both cases
without particular success. In 2003 Nisipeanu won a nice game with it, which
must have given some optimism to Alapin devotees.} (13. Rb1 {is preferred by M.
Godena. White didn't show yet a clear attack after} Qxc3 (13... Rd8 $13)) (13.
Bd2 {is advocated by L.Vajda.} Rd8 14. Bd3 Bd7 15. Rab1 (15. Qe4 g6 16. Rab1
Rab8 17. h4 Be8 $13 18. c4 Nb4 19. h5 Bc6 20. Qe3 Qc5 $1 $15 {0-1 Smerdon,
D-Jakovenko,D/Goa 2002 (39)}) 15... Rab8 16. Bg5 h6 17. Bd2 Qa4 18. Bb5 Qg4 19.
h3 Qh5 20. Bf4 Na5 $1 21. Qe4 Bxb5 22. Rxb5 b6 $15 {White has no attack and
remained with his inferior pawn structure. Now his position quickly went
downhill in the following recent game:} 23. Nd4 Rbc8 24. Bd2 Bc5 $17 {0-1
Vajda,L-Georgiev,Kir./Budva 2004 (39)}) (13. Bd3 {already was met in
Lupulescu's practice:} Rd8 14. Rb1 Qxc3 15. Rb3 Qa5 16. Ng5 g6 17. Nf3 b6 18.
Qe4 Bb7 19. Rb5 Qxa2 20. Bg5 Qa3 21. Qh4 Rxd3 22. Bf6 Rxf3 {0-1 Grigore,
N-Lupulescu,C/Bucharest 2004}) 13... Qa4 {Prevents Bd3, since the endgame
favours Black.} 14. Bg5 (14. Rb1 $6 Na5 $1 15. Bd3 Qxe4 16. Bxe4 Rb8 17. Be3 b6
18. Bd4 Ba6 19. Rfe1 Rfc8 $15 {0-1 Brady,S-Sulava,N/St Vincent 2004 (60)})
14... h6 15. Bxe7 Nxe7 16. Rab1 Qc6 {The position is still far from clear, of
course, but I would rather prefer Black due to his better pawn formation.
White must decide to play for attack (not clear how; besides the play on the
kingside can easily backfire, since Black should defend without many problems),
or simplify the position and play for a draw in endgame.} ({After} 16... Bd7
17. Bd3 Qxe4 18. Bxe4 {Black cannot keep his better pawn formation and must
play} Bc6 19. Bxc6 bxc6 {The following game ended by repetition after} 20. Rb7
Nd5 21. c4 Nc3 22. a3 Rfb8 23. Rc7 Rc8 24. Rb7 Rcb8 25. Rc7 Rc8 26. Rb7 Rcb8 {
1/2-1/2 Adams,M-Tkachiev,V/Cannes 2001}) (16... Rb8 17. Rb4 $1 Qc6 18. Qe3 {
Nisipeanu's logical novelty shows the main idea behind 17.Rb4 - transfer of
the rook to the kingside for attack.} (18. Bd3 $2 Qxe4 19. Bxe4 b6 20. Rd1 Bb7
21. Rd7 Rfd8 22. Rbd4 Rxd7 23. Rxd7 Bxe4 24. Rxe7 Rc8 $17 {0-1 Smerdon,
D-McShane,L/Goa 2002 (55)}) 18... b6 (18... a5 $5) 19. Bd3 Bb7 (19... Nf5 $142)
20. Rg4 Nf5 21. Bxf5 exf5 22. Nd4 Qc8 23. Rf4 g6 24. Rh4 h5 25. Rxh5 {1-0
Nisipeanu,L-Ramirez,A/Decameron 2003.}) 17. Qd3 (17. Qxc6 Nxc6 18. Rfd1 {
looks like some pressure for White in endgame, but on the long run Black's
better pawn structure must play its role.} b6 $15) 17... Qc7 18. Rfd1 $6 (18.
Bb3 $5) 18... b6 {Now everywhere Black has a pleasant equality at least.} 19.
Qd6 $6 {Not easy to indicate a safe plan for White. After this Black is clear
better.} Qxc4 20. Qxe7 Ba6 $1 $17 (20... Qxa2 $2 21. Ra1 Qc4 22. Rxa7 Ba6 23.
Rxa8 Rxa8 24. h3 $11) (20... Qxc3 $13) 21. Rb4 {The decision to attack comes
out of desperation.} (21. Qb4 Qxa2 22. Ra1 Rfd8 23. Nd4 Qc4 $17) (21. Rbc1 Qxa2
$17) 21... Qxa2 22. Rg4 Qc2 23. Re1 Bd3 24. h3 (24. Qf6 Bg6 $19) 24... Bf5 25.
Nd4 (25. Rg3 Qxc3) 25... Qd2 $19 (25... Qxc3 $19) 26. Rxg7+ Kxg7 27. Re3 Kh7
28. Rg3 Qe1+ 29. Kh2 Qxe5 30. f4 Qh8 ({After} 30... Qxf4 $2 31. Qf6 {Black
loses the queen, although even here he is better after} Qxg3+ 32. Kxg3 Bg6) 31.
Nf3 Rae8 32. Qxa7 Qf6 33. Ne5 Rg8 0-1

[Event "Olympiad-36"]
[Site "Mallorca"]
[Date "2004.10.26"]
[Round "11"]
[White "Nisipeanu, Liviu Dieter"]
[Black "Galego, Luis"]
[Result "1/2-1/2"]
[WhiteElo "2687"]
[BlackElo "2515"]
[Annotator "Rogozenco,D"]
[PlyCount "69"]
[EventDate "2004.10.15"]
[EventType "team-swiss"]
[EventRounds "14"]
[EventCountry "ESP"]
[SourceTitle "CBM 104"]
[Source "ChessBase"]
[SourceDate "2005.01.27"]
[SourceVersion "1"]
[SourceVersionDate "2005.01.27"]
[SourceQuality "1"]
[WhiteTeam "Romania"]
[BlackTeam "Portugal"]
[WhiteTeamCountry "ROU"]
[BlackTeamCountry "POR"]

1. e4 c5 2. Nf3 e6 3. c3 {It is well-known that by choosing Alapin after 2.Nf3
e6 White considerably limits opponent's options (comparing to 2.c3).} Nf6 4. e5
Nd5 5. d4 cxd4 6. cxd4 d6 7. Bc4 Nc6 8. O-O Be7 9. Qe2 O-O 10. Rd1 (10. a3 Qb6
$5 {with idea Na5-b3.}) 10... Na5 {The most principled continuation, trading
off White's active bishop.} 11. Bd3 (11. Bxd5 exd5 12. Nc3 Be6 13. Bf4 Nc6 14.
exd6 Bxd6 15. Bxd6 Qxd6 16. Ne5 Rac8 {Baklan,V-Moiseenko,A/Port Erin IOM 2004 
(20) White's advantage is only symbolic.}) (11. b3 Bd7 12. Bxd5 exd5 13. Nc3
Be6 14. Ba3 Nc6 {is also very close to equal, 1/2-1/2 Pavasovic,D-McShane,L/
Leon 2001 (70)}) 11... Nb4 {A logical follow-up of the previous move. White
cannot avoid the trade of his important bishop. Nisipeanu correctly goes for
an IQP type of position, where he will have the initiative.} 12. exd6 (12. Be4
$6 d5 13. Bd3 Nxd3 14. Qxd3 Bd7 $11 {0-1 Maric,M-Bojkovic,N/Belgrade 1998 (41)}
) 12... Qxd6 (12... Bxd6 13. Nc3 (13. Bxh7+ {does not work:} Kxh7 14. Ng5+ Kg6
(14... Kg8 $2 15. Qh5 Re8 16. Qxf7+ Kh8 17. Qh5+ Kg8 18. Qh7+ Kf8 19. Qh8+ Ke7
20. Qxg7#) 15. Qg4 f5 $19 {and White cannot retreat the queen to g3.}) (13. Ng5
h6) 13... Nxd3 {(otherwise Bb1)} 14. Qxd3 h6 {is a playable alternative.}) 13.
Nc3 (13. Be4 f5 14. Bd3 Nxd3 15. Rxd3 (15. Qxd3 Nc6 16. Nc3 Bf6 17. Nb5 Qb8 18.
Bg5 Bd7 19. Bxf6 Rxf6 20. Rac1 Be8 21. Re1 a6 22. Na3 Qa7 23. Nc2 Rd8 24. Qb3
h6 25. Ne5 Kh7 26. Rcd1 Rd5 $14 {/=, 1/2-1/2 Timman,J-Zapata,A/Willemstad 2001
(61)}) 15... b6 16. b4 Nc4 17. Rc3 Ba6 (17... b5 $142 18. a4 Bb7 19. axb5 Bxf3
$132) 18. b5 Bxb5 19. a4 Ba6 20. Na3 Rac8 21. Nxc4 Qd5 22. Nfe5 Bf6 23. Qc2
Qxd4 24. Bb2 Qf4 $2 (24... Rc5 $1 $13) 25. g3 Qe4 26. Qxe4 fxe4 27. Rcc1 Rc5
28. Ba3 Rxc4 29. Nxc4 Bxa1 30. Bxf8 Bxc4 31. Bd6 Bd5 32. Rxa1 {1-0 Sermek,
D-Radocaj,D/Pula 2001}) 13... Nxd3 14. Qxd3 {White is better centralized and
as the present game shows, it is not trivial for Black to complete queenside
development. The factor that the knight is on a5 instead of c6 favors White,
thanks to better control in the center.} b6 (14... h6 15. Ne5 b6 $140 16. Qg3
Kh7 17. Bf4 $16) (14... Nc6 $5 15. Ng5 (15. Ne4 Qd5 16. Neg5 g6 $13) 15... Bxg5
16. Bxg5 (16. Ne4 $2 Qxd4 17. Qc2 Qe5 18. Nxg5 Qf5) 16... Nb4 17. Qe4 Nd5 18.
Rac1 $14 {/=}) 15. Ng5 $1 $146 {[%mdl 8]} (15. Ne5 Bb7 16. Bf4 Qb4 17. Bd2 Qd6
$11 18. Bf4 Qd8 19. d5 f6 20. d6 Bxd6 21. Qxd6 Qxd6 22. Rxd6 fxe5 23. Bxe5 Nc4
24. Rxe6 Kf7 25. Rd6 Nxd6 26. Bxd6 Rfd8 $19 {0-1 Shushak,C-Sale,S/Porec 1994 
(45)}) 15... Bxg5 ({Deserved attention} 15... f5 $5 {going for similar
positions as in the variation 13.Be4, see above.}) 16. Ne4 $1 $36 (16. Bxg5 $2
Bb7 $15) 16... Qd5 17. Nxg5 Qf5 (17... g6 18. Qh3 h5 19. f3 (19. g4 e5 $1)
19... Nc6 20. Ne4 Kg7 21. Qh4 f6 (21... Qf5 22. Nd6 Qd5 23. Qf4 $18) 22. Nc3
$36) (17... f5 $5) 18. Qxf5 exf5 $14 {The endgame is more pleasant for White
thanks to his superior pawn structure.} 19. Bd2 (19. b3 $5) (19. d5 $5) 19...
f6 20. Nh3 Rd8 21. Nf4 $5 {Unexpected and interesting decision to sac the
d-pawn..} (21. Bxa5 bxa5 22. Nf4 Rb8 23. Rd2 Rb4 24. Rad1 Kf7 25. a3 Rc4 26.
Ne2 $14) 21... Rxd4 (21... Nc4 $14) 22. Bxa5 Rxf4 (22... Rxd1+ 23. Rxd1 bxa5
24. Rd8+ Kf7 25. h4 $44) 23. Rd8+ Kf7 24. Bd2 Rc4 25. Re1 a5 (25... Re4 $2 26.
Rc1 Re2 27. Rc7+ Kg6 28. Bc3 Rc2 29. h4 b5 30. Rg8 $18) 26. h4 $2 {White must
have missed opponent's defensive maneuver.} (26. Ree8 $142 Rc2 27. Be3 Rxb2 $5
(27... b5 28. h4 h5 29. a3 $44) 28. h4 (28. Rxc8 $2 Rb1+ $19) 28... Rc2 (28...
Rxa2 29. Rxc8 Rxc8 30. Rxc8 b5 31. Rb8 b4 32. Rb5 $16) 29. h5 $44) 26... Ra7 $1
{Now Black is completely out of danger and it is White who must be happy with
a draw.} 27. Ree8 Rd7 28. Rf8+ Kg6 (28... Ke7 $2 29. Rde8+ Kd6 30. Rxc8 $18)
29. Rxd7 Bxd7 30. Rd8 Bc6 31. Rc8 $1 $11 a4 32. a3 Bd5 {Black cannot avoid the
trade of rooks, since with White's active rook on c7 he won't be able to make
any progress.} 33. Rxc4 Bxc4 34. f4 Kh5 35. g3 1/2-1/2